Instrumental analysis /

Guardado en:
Autor Principal: Harley, John H.
Otros Autores: Wiberley, Stephen E.
Formato: Libro
Idioma:English
Publicado: New York : Wiley, [1954]
Etiquetas: Agregar Etiqueta
Sin Etiquetas, Sea el primero en etiquetar este registro!
LEADER 00467nam a22001455a 4500
001 EEA.libagro000577
008 130809s1954####nyua##########000#0#eng#d
005 20220805130529.0
245 1 0 |a Instrumental analysis /  |c [by] John H. Harley [and] Stephen E. Wiberley. 
260 |a New York :  |b Wiley,  |c [1954] 
300 |a 440 p. :  |b il. ;  |c 24 cm. 
100 1 |a Harley, John H. 
700 1 |a Wiberley, Stephen E. 
082 0 4 |a 543.07 
859 |a AR-BbBCA  |b BIB. AGRONOMIA  |h 543.07  |i H285  |p 1964/0069